El sistema solar
Сохранить в:
| Формат: | |
|---|---|
| Язык: | испанский |
| Опубликовано: |
Madrid
Blume
1977
|
| Предметы: | |
| Метки: |
Добавить метку
Нет меток, Требуется 1-ая метка записи!
|
MARC
| LEADER | 00000nam a2200000 a 4500 | ||
|---|---|---|---|
| 001 | UCX3076 | ||
| 003 | CL-VaPUC | ||
| 008 | 910924e19770000SP |||||||||||||||||spa|d | ||
| 082 | 0 | 4 | |a 523.2 |b SIS |2 21 |
| 245 | 1 | 3 | |a El sistema solar |
| 300 | |a 182 p | ||
| 942 | |c BK | ||
| 945 | |d 19910924 00:00:00 | ||
| 260 | |a Madrid |b Blume |c 1977 | ||
| 500 | |a Selección de artículos de la revista Scientific American | ||
| 650 | 7 | |a SISTEMA SOLAR |2 CL-VaPUC |9 268650 | |
| 583 | |a last modification |c 19910924 00:00:00 |k Rodrigo Vera | ||
| 999 | |c 223937 |d 223935 | ||
| 952 | |0 0 |1 0 |4 0 |6 523_200000000000000_SIS_1977 |7 0 |8 A |9 220206 |a BIBHIS |b BIBHIS |d 2019-11-15 |i 2889099 |o 523.2 SIS 1977 |p 2889099 |r 2025-01-20 |w 2019-11-15 |y BK |k HIS | ||
| 952 | |0 0 |1 0 |4 0 |6 523_200000000000000_SIS_1977 |7 0 |8 A |9 220207 |a BIBCUR |b BIBCUR |d 2019-11-15 |i 1747770 |o 523.2 SIS 1977 |p 1747770 |r 2025-04-22 |w 2019-11-15 |y BK |k BCB | ||
| 952 | |0 0 |1 0 |4 0 |6 523_200000000000000_SIS_1977 |7 0 |8 A |9 220208 |a BIBCUR |b BIBCUR |d 2019-11-15 |i 1747789 |l 1 |o 523.2 SIS 1977 |p 1747789 |r 2025-04-22 |s 2025-04-04 |w 2019-11-15 |y BK |k BCB | ||
| 952 | |0 0 |1 0 |4 0 |6 523_200000000000000_SIS_1977 |7 0 |8 A |9 220209 |a BIBCUR |b BIBCUR |d 2019-11-15 |i 1747819 |l 1 |o 523.2 SIS 1977 |p 1747819 |r 2025-04-22 |s 2025-04-04 |w 2019-11-15 |y BK |k BCB | ||